The Labor Scarcity Controversy Reconsidered (Registro nro. 26544)
[ vista simple ]
| 000 -LEADER | |
|---|---|
| fixed length control field | 00370 a2200121 4500 |
| 001 - CONTROL NUMBER | |
| control field | ART_12651 |
| 005 - DATE AND TIME OF LATEST TRANSACTION | |
| control field | 20260410161908.0 |
| 008 - FIXED-LENGTH DATA ELEMENTS--GENERAL INFORMATION | |
| fixed length control field | 260409a |
| 100 1# - MAIN ENTRY--PERSONAL NAME | |
| Personal name | Summers, Lawrence H. |
| 245 10 - TITLE STATEMENT | |
| Title | The Labor Scarcity Controversy Reconsidered |
| 700 1# - ADDED ENTRY--PERSONAL NAME | |
| Personal name | Clarke, Richard N. |
| 773 0# - HOST ITEM ENTRY | |
| Title | The Economic Journal |
| Related parts | - Vol. 90, Nº 357 (mar. 1980) |
| Record control number | REV12512 |
No hay ítems disponibles.